Adalet ve demokrasi (Record no. 1898)

MARC details
000 -BAŞLIK
Sabit Uzunlukta Kontrol Alanı 01298na a2200361 4500
001 - KONTROL NUMARASI
Denetim Alanı 15258
003 - KONTROL NUMARASI IDENTIFIER
Denetim Alanı MIRAKIL
005 - SON İŞLEM TARİHİ VE ZAMANI
Denetim Alanı 20181213154838.0
008 - SABİT-BOY VERİ ELEMANLARI - GENEL BİLGİLER
Sabit Uzunlukta Kontrol Alanı 161005b tu 000 0
020 ## - ULUSLARARASI STANDART KİTAP NUMARASI
Uluslararası Standart Kitap Numarası 9786054274352
035 ## - SİSTEM KONTROL NUMARASI
Sistem Kontrol Numarası 15258
040 ## - KATALOGLAMA KAYNAK
Orijinal Kataloglama Ajansı Milas
Kataloglama Dili tur
Metne Dönüştürmek Ajansı TR-AnCHP
041 ## - DİL KODU
Metin / Ses Parça Veya Ayrı Başlığın Dil Kodu tur
082 ## - DEWEY ONLU SINIFLANDIRMA NUMARASI
Sınıflandırma Numarası CHP 320
Ürün Numarası U38a 2013
090 ## - SINIFLAMA NUMARASI
Sınıflama Numarası CHP 320 U38a 2013
110 ## - ANA GİRİŞ - KURUMSAL ADI
Giriş Elemanı Olarak Kurumsal Ad Veya Yargı Alanı Adı Mumcu, Uğur
245 ## - BAŞLIK TABLOSU
Başlık Adalet ve demokrasi
Sorumluluk Tablosu, Vb Uğur Mumcu ; [önsöz Kemal Kılıçdaroğlu]
260 ## - YAYIN, DAĞITIM, VB
Yayın, Dağıtım, Vb Yeri Ankara
Yayıncı, Dağıtıcı, Vs Adı Um:ag Vakfı Yayınları
Yayın, Dağıtım, Vb Tarihi 2013
300 ## - FİZİKSEL TANIM
Kapsam 124 s.
Diğer Fiziksel Ayrıntıları res.
Boyutlar 19 sm.
440 ## - SERİSİ TABLOSU / KATMA GİRİŞİ - BAŞLIK
Başlık Uğur Mumcu Araştırmacı Gazetecilik Vakfı Yayınları
Hacim / Ardışık Tanımı 135
490 ## - SERİSİ TABLOSU
Seri Beyanı Seçmeler dizisi
Hacim / Ardışık Tanımı 9
500 ## - GENEL NOT
Genel Not Kitap, Cumhuriyet Gazetesi'ndeki Uğur Mumcu yazılarının seçmelerinden oluşmuştur
500 ## - GENEL NOT
Genel Not Kitap, CHP tarafından Uğur Mumcu anısına hazırlanmıştır.
600 ## - KONU KATMA GİRİŞ - KURUMSAL ADI
Kişisel Ad Mumcu, Uğur
Bir Adıyla İlişkilendirilen Tarihler 1942 - 1993
Genel Alt Bölümü Siyasal ve sosyal görüşler
Kronolojik Alt Bölümü Seçkiler
600 ## - KONU KATMA GİRİŞ - KURUMSAL ADI
Kişisel Ad Mumcu, Uğur
Genel Alt Bölümü Anma
610 ## - KONU KATMA GİRİŞ - TOPLANTI ADI
Giriş Elemanı Olarak Kurumsal Ad Veya Yargı Alanı Adı CHP
Genel Alt Bölüm Adalete ve Demokrasi Haftası
Kronolojik Alt Bölüm Uğur Mumcu Anısına
650 ## - KONU KATMA GİRİŞ - TOPİKAL DÖNEM
Topikal Süreli Veya Coğrafi Ad Giriş Elemanı Demokrasi
Genel Alt Bölümü Gazete yazıları
650 ## - KONU KATMA GİRİŞ - TOPİKAL DÖNEM
Topikal Süreli Veya Coğrafi Ad Giriş Elemanı Adalet
Genel Alt Bölümü Gazete yazıları
650 ## - KONU KATMA GİRİŞ - TOPİKAL DÖNEM
Topikal Süreli Veya Coğrafi Ad Giriş Elemanı Türk aydınları
Genel Alt Bölümü Gazete yazıları
700 ## - KATMA GİRİŞ - KİŞİSEL İSİM
Kişisel Ad Kılıçdaroğlu, Kemal
811 ## - SERİSİ EKLENDİ GİRİŞ - TOPLANTI ADI
Giriş Elemanı Olarak Toplantı Adı Veya Yargı Alanı Adı CHP Uğur Mumcu Anısına
942 ## - EKLENDİ GİRİŞ ELEMANLARI (KOHA)
Sınıflandırma Veya Raf Düzeni Kaynak
Koha Öğesi Türü Books
999 ## - SİSTEM KONTROL NUMARALARI (KOHA)
Koha Biblionumber 1898
Koha Biblioitemnumber 1898
Holdings
Kullanım Kısıtlamaları Kalıcı Konum Mevcut Konum Edinme Tarihi Edinim Kaynak Toplam Check-Out'Lar Tam Çağrı Numarası Barkod Tarih Son Görülme İtibaren Geçerli Fiyatlar Koha Öğesi Türü Kopya Sayısı Tarihi Geçen Teslim
Kütüphane dışına çıkarılamaz CHP Kütüphanesi CHP Kütüphanesi 09/07/2016 Bağış   CHP 320 U38a 2013 003316 09/07/2016 09/07/2016 Books    
Kütüphane dışına çıkarılamaz CHP Kütüphanesi CHP Kütüphanesi 09/07/2016 Bağış   CHP 320 U38a 2013 003317 09/07/2016 09/07/2016 Books k.2  
  CHP Kütüphanesi CHP Kütüphanesi 09/07/2016 Bağış 1 CHP 320 U38a 2013 003318 01/27/2021 09/07/2016 Books k.3 01/27/2021